1320 1990 1667 1920 1591 1979 1712 1073 1679 1097 1879 1211 1574 1538 1058 1235 1849 1917 1898 1904 1274 1772 1373 1654 1125 1304 1313 1029 1592 1054 1423 1028 1513 1787 1781 1900 1573 1041 1517 1998 1447 1646 1817 1647 1243 1057 1991 1938 1031 1915 1414 1868 1485 1933 1605 1644 1231 1813 1967 1455 1161 1877 1599 1656 1537 1443 1383 1938 1221 1871 1800 1879 1805 1077 1151 1982 1045 1465 1671 1275 1690 1159 1030 1942 1968 1077 1326 1798 1647 1903 1408 1111 1742 1097 1697 1621 1091 1460 1879 BCNSPRNW ULIB Ver.6.0+V

เปลี่ยนเป็นภาษาไทย

Change to English
 แสดงรายละเอียดบรรณานุกรม
  กลับหน้าหลัก

Brief Record : Get Marc (ISO 2709) : E-mail record : QR code < ปิดหน้าต่าง
LEADER : 00000nam 2200000uu 4500
001    13399113475
003     ULIB
008    111121s2551||||th 000 0 tha d
020    ^a9789740323341
060 04 ^aQY90^bว712บ 2551
100 0  ^aวิโรจน์ ไววานิชกิจ
245 10 ^aบทบาทของพยาบาลในงานด้านการชันสูตรโรคทางห้องปฏิบัติการ /^cวิโรจน์ ไววานิชกิจ
250    ^aพิมพ์ครั้งที่ 1
260    ^aกรุงเทพฯ :^bสำนักพิมพ์แห่งจุฬาลงกรณ์มหาวิทยาลัย,^c2551
300    ^a85 หน้า :^bภาพประกอบ ;^c21 ซม.
650  7 ^aการวินิจฉัยโรคทางห้องปฏิบัติการ
650  7 ^aพยาบาล
945    ^p90^l0^i16149
995    ^a กัณชพร
999    ^aใช้งานได้ทุกระบบ
รายการนี้ยังไม่มีแท็ก
คุณยังไม่ได้ล็อกอิน คุณสามารถมีกิจกรรมร่วมกับเว็บไซต์ได้ แต่ต้องล็อกอินก่อน ::
  ล็อกอิน

รายการสื่อสารสนเทศ

ลำดับที่ ประเภท เลขเรียก/บาร์โค้ด สถานที่ สถานะ
- ไม่พบข้อมูล -

รายการใกล้เคียง
    ผู้แต่ง [วิโรจน์ ไววานิชกิจ]

    หัวเรื่อง [การวินิจฉัยโรคทางห้องปฏิบัติการ]
    หัวเรื่อง [พยาบาล]

BibComment


ยังไม่เคยถูกคอมเมนท์

คอมเมนท์ทรัพยากรรายการนี้
  คอมเมนท์: บทบาทของพยาบาลใน..


 Copyright 2026. Bcnsprnw @Library